Сплавы медно-цинковые. Методы спектрального анализа; ГОСТ 9716.1-79 Сплавы медно-цинковые. Метод спектрального анализа по металлическим стандартным образцам с фотографической регистрацией спектра; ГОСТ 9716.2-79 Сплавы медно-цинковые. Метод спектрального анализа по металлическим стандартным образцам с фотоэлектрической регистрацией спектра; ГОСТ 9716.3-79 Сплавы медно-цинковые. Метод спектрального анализа по окисным образцам с фотографической регистрацией спектра

書誌詳細
団体著者: СССР Государственный комитет по стандартам (Госстандарт)
言語:ロシア語
出版事項: Москва, Изд-во стандартов, 1980
版:Изд. офиц.
TOC:ГОСТ 9716.1-79 Сплавы медно-цинковые. Метод спектрального анализа по металлическим стандартным образцам с фотографической регистрацией спектра;
ГОСТ 9716.2-79 Сплавы медно-цинковые. Метод спектрального анализа по металлическим стандартным образцам с фотоэлектрической регистрацией спектра;
ГОСТ 9716.3-79 Сплавы медно-цинковые. Метод спектрального анализа по окисным образцам с фотографической регистрацией спектра;
シリーズ:Государственные стандарты
主題:
フォーマット: 図書
KOHA link:https://koha.lib.tpu.ru/cgi-bin/koha/opac-detail.pl?biblionumber=152720

MARC

LEADER 00000nam0a2200000 4500
001 152720
005 20231031151124.0
035 |a (RuTPU)RU\TPU\book\165581 
035 |a RU\TPU\book\165557 
090 |a 152720 
100 |a 20090204d1980 km y0rusy50 ca 
101 0 |a rus 
102 |a RU 
105 |a a l 000zy 
200 1 |a Сплавы медно-цинковые. Методы спектрального анализа 
205 |a Изд. офиц. 
210 |a Москва  |c Изд-во стандартов  |d 1980 
215 |a 31 с.  |c ил. 
225 1 |a Государственные стандарты 
464 |t ГОСТ 9716.1-79 Сплавы медно-цинковые. Метод спектрального анализа по металлическим стандартным образцам с фотографической регистрацией спектра 
464 |t ГОСТ 9716.2-79 Сплавы медно-цинковые. Метод спектрального анализа по металлическим стандартным образцам с фотоэлектрической регистрацией спектра 
464 |t ГОСТ 9716.3-79 Сплавы медно-цинковые. Метод спектрального анализа по окисным образцам с фотографической регистрацией спектра 
610 1 |a ГОСТы 
610 1 |a стандарты 
610 1 |a сплавы 
610 1 |a медно-цинковые сплавы 
610 1 |a методы 
610 1 |a спектральный анализ 
712 0 1 |a СССР  |b Государственный комитет по стандартам (Госстандарт)  |c (1978-1989)  |2 stltpush  |3 (RuTPU)RU\TPU\col\12454 
801 1 |a RU  |b 63413507  |c 20021204  |g PSBO 
801 2 |a RU  |b 63413507  |c 20221208  |g PSBO 
942 |c BK